Zempmilk veľa investuje

Finančno-ekonomická analýza spoločnosti Zempmilk, a.s., Michalovce. Profil spoločnosti. Výroba a odbyt. Ekonomické a finančné ukazovatele. Obchodovanie s akciami.

Gespeichert in:
Bibliographische Detailangaben
1. Verfasser: Kukučka, Jaroslav
Format: Buch
Sprache:Slowakisch
Schlagworte:
Tags: Tag hinzufügen
Keine Tags, Fügen Sie das erste Tag hinzu!

MARC

LEADER 00000nam a2200000 4500
001 r031098
005 20251104124753.1
041 0 |a slo 
044 |a SK 
245 1 0 |a Zempmilk veľa investuje  |c Jaroslav Kukučka 
520 |a Finančno-ekonomická analýza spoločnosti Zempmilk, a.s., Michalovce. Profil spoločnosti. Výroba a odbyt. Ekonomické a finančné ukazovatele. Obchodovanie s akciami. 
610 2 0 |a priemysel mliekarský 
610 2 0 |a Slovensko 
610 2 0 |a analýza finančná 
610 2 0 |a firmy 
610 2 0 |a ukazovatele ekonomické 
610 2 0 |a ukazovatele finančné 
610 2 0 |a trh kapitálový 
610 2 0 |a akcie 
610 2 0 |a Zempmilk, a.s. Michalovce 
100 1 |a Kukučka, Jaroslav